| 000 | nam a22 a 4500 | ||
|---|---|---|---|
| 999 |
_c2470 _d2470 |
||
| 003 | AKMAL | ||
| 005 | 20170516160156.0 | ||
| 008 | 170516 1983 xx 000 eng d | ||
| 020 | _a0673110664 | ||
| 040 |
_aAKMAL _cAKMAL |
||
| 082 | 0 | 4 | _a613 THO |
| 090 | 2 | 0 |
_a613 _bTHO |
| 245 |
_aChoosing good health / _c[by] Merita Lee Thompson ... [et.al] |
||
| 260 |
_aIllinois : _bScott, Foresman and Company, _c1983 |
||
| 300 | 0 | 0 |
_a288p : _bcol, ill ; _c23cm |
| 650 |
_aPublic health _95124 |
||
| 650 | 0 |
_aHealth attitudes _95125 |
|
| 650 | 0 |
_aMedical care _94313 |
|
| 700 | 1 |
_aThompson, Merita Lee _95126 |
|
| 942 |
_2ddc _cBOOK |
||